| 000 -LEADER |
| fixed length control field |
01144pab a2200169 454500 |
| 008 - FIXED-LENGTH DATA ELEMENTS--GENERAL INFORMATION |
| fixed length control field |
180718b2006 xxu||||| |||| 00| 0 eng d |
| 100 ## - MAIN ENTRY--PERSONAL NAME |
| Personal name |
Mishra, Pramod K. |
| 245 ## - TITLE STATEMENT |
| Title |
Towards excellence in disaster management: Governance and sustainability of post-disaster initiatives |
| 260 ## - PUBLICATION, DISTRIBUTION, ETC. |
| Date of publication, distribution, etc. |
2006 |
| 300 ## - PHYSICAL DESCRIPTION |
| Extent |
p.370-381. |
| 362 ## - DATES OF PUBLICATION AND/OR SEQUENTIAL DESIGNATION |
| Dates of publication and/or sequential designation |
Jul-Sep |
| 520 ## - SUMMARY, ETC. |
| Summary, etc. |
Experience shows that post-disaster recovery and reconstruction provide - though one should not wait for a disaster to happen - an opportunity to introduce and enhance the acceptability of disaster risk reduction measures among various stakeholders. This, however, can be realised only if governance and sustainability issues are addressed. There is a need to create institutional structures and mechanisms to not only undertake disaster risk reduction measures, but also to incorporate them as an integral part of development programmes and schemes. It is also necessary to focus on pre-disaster planning for sustainable reconstruction and recovery. - Reproduced. |
| 650 ## - SUBJECT ADDED ENTRY--TOPICAL TERM |
| Topical term or geographic name entry element |
Disaster prevention |
| 773 ## - HOST ITEM ENTRY |
| Main entry heading |
Indian Journal of Public Administration |
| 908 ## - PUT COMMAND PARAMETER (RLIN) |
| Put command parameter |
N |
| 909 ## - |
| -- |
72332 |